[Event "TUR Cup"]
[Site "Adapazari"]
[Date "2022.03.28"]
[Round "5"]
[White "Isbilir, Okan"]
[Black "Bayramiclilar, Yusuf Ruzgar"]
[Result "1-0"]
[WhiteElo "1915"]
[BlackElo "1456"]
[PlyCount "39"]
[EventDate "2022.03.25"]
[EventType "swiss"]
[EventRounds "11"]
[EventCountry "TUR"]
[SourceTitle "EXT 2023"]
[Source "ChessBase"]
[SourceDate "2022.10.05"]
[SourceVersion "1"]
[SourceVersionDate "2022.10.05"]
[SourceQuality "1"]

1. d4 d5 2. c4 e6 3. g3 c6 4. Nf3 Nf6 5. Qc2 Nbd7 6. Bg2 Be7 7. 0-0 0-0 8. b3 Re8 9. Bb2 Bd6 10. Rd1 Qc7 11. Nbd2 c5 12. cxd5 Nxd5 13. Ne4 cxd4 14. Qxc7 Bxc7 15. Bxd4 Bb6 16. Rac1 Bxd4 17. Nxd4 a6 18. Rd2 N5f6 19. Nd6 Rd8 20. Rdc2 1-0

[Event "TUR Cup"]
[Site "Antalya"]
[Date "2020.01.30"]
[Round "7"]
[White "Bayramiclilar, Yusuf Ruzgar"]
[Black "Yanikoglu, Omer"]
[Result "1-0"]
[WhiteElo "1331"]
[BlackElo "1635"]
[PlyCount "57"]
[EventDate "2020.01.26"]
[EventType "swiss"]
[EventRounds "11"]
[EventCountry "TUR"]
[SourceTitle "CBM 194 Extra"]
[Source "ChessBase"]
[SourceDate "2020.03.31"]
[SourceVersion "1"]
[SourceVersionDate "2020.03.31"]
[SourceQuality "1"]

1. e4 e5 2. Nf3 Nc6 3. Bb5 a6 4. Ba4 Nf6 5. 0-0 b5 6. Bb3 Be7 7. Re1 0-0 8. c3 d6 9. d4 Bb7 10. dxe5 Nxe5 11. Bd5 c6 12. Bb3 Qc7 13. Bf4 Rad8 14. Na3 a5 15. Nd4 b4 16. cxb4 axb4 17. Nc4 c5 18. Nb5 Qb8 19. Ncxd6 Ng6 20. Nxf7 Rxd1 21. Ng5+ Kh8 22. Bxb8 Rxe1+ 23. Rxe1 Rxb8 24. Nf7+ Kg8 25. Nc7 Bc8 26. Ng5+ Kf8 27. e5 Nxe5 28. Rxe5 Bd6 29. Nxh7+ 1-0